| 000 | 00661nam a22002297a 4500 | ||
|---|---|---|---|
| 003 | UA-OsUOA | ||
| 001 | 34855 | ||
| 007 | ta | ||
| 008 | 20051024b un ||||| |||| 00| 0 ukr d | ||
| 090 |
_a159.9((075.8) _bО28 |
||
| 942 | _cBK | ||
| 040 |
_aUA-OsUOA _brus _cUA-OsUOA _dUA-OsUOA |
||
| 245 |
_aОбщая психология _bкурс лекций для первой ступени педагогического образования |
||
| 300 | _a448 с. | ||
| 955 | _a2 | ||
| 041 | _arus | ||
| 080 | _a159.9((075.8) | ||
| 020 | _a5-691-00143-4 | ||
| 260 |
_aМ. _bВЛАДОС _c448 |
||
| 650 | 7 |
_a159.9 Психологія _2UDC |
|
| 999 |
_c321289 _d321289 |
||